Organizational Behavior <A> Management Challenge
Guardado en:
| Autor principal: | |
|---|---|
| Otros Autores: | |
| Formato: | Libro |
| Lenguaje: | inglés |
| Publicado: |
Chicago
Dryden Press
1990
|
| Edición: | 1. ed. |
| Materias: | |
| Etiquetas: |
Sin Etiquetas, Sea el primero en etiquetar este registro!
|
MARC
| LEADER | 00000nam a2200000 4500 | ||
|---|---|---|---|
| 001 | c005114 | ||
| 005 | 20221206122625.4 | ||
| 020 | |a 0-03-020539-5 | ||
| 041 | 0 | |a eng | |
| 044 | |a US | ||
| 245 | 1 | 0 | |a Organizational Behavior |b <A> Management Challenge |c Gregory B. Northcraft, Margaret A. Neale |
| 250 | |a 1. ed. | ||
| 264 | 1 | |a Chicago |b Dryden Press |c 1990 | |
| 300 | |a 117 s. | ||
| 610 | 2 | 0 | |a manažment |
| 610 | 2 | 0 | |a manažment strategický |
| 610 | 2 | 0 | |a manažment personálny |
| 610 | 2 | 0 | |a psychológia sociálna |
| 610 | 2 | 0 | |a štruktúra podniku organizačná |
| 610 | 2 | 0 | |a komunikácia |
| 610 | 2 | 0 | |a konflikty |
| 610 | 2 | 0 | |a manažéri |
| 610 | 2 | 0 | |a testy |
| 100 | 1 | |a Northcraft, Gregory B. | |
| 700 | 1 | |a Neale, Margaret A. | |